[Event "Lisbon Portugal rapid op"]
[Site "Lisbon"]
[Date "2022.09.03"]
[Round "4"]
[White "Almeida, Manuel da Silva"]
[Black "Roubalik, Jakub"]
[Result "0-1"]
[WhiteElo "2038"]
[BlackElo "2366"]
[PlyCount "46"]
[EventDate "2022.09.03"]
[EventType "swiss (rapid)"]
[EventRounds "11"]
[EventCountry "POR"]
[SourceTitle "CBM 210 Extra"]
[Source "ChessBase"]
[SourceDate "2022.11.30"]
[SourceVersion "1"]
[SourceVersionDate "2022.11.30"]
[SourceQuality "1"]

1. e4 c5 2. Nc3 e6 3. Nf3 a6 4. d4 cxd4 5. Nxd4 Qc7 6. g3 b6 7. Bg2 Bb7 8. 0-0 Nf6 9. Re1 d6 10. Be3 Nbd7 11. Nb3 Be7 12. a4 0-0 13. a5 b5 14. f4 Rac8 15. Nd4 Nc5 16. Ndxb5 axb5 17. Nxb5 Qb8 18. b4 Ncxe4 19. Na7 Rc4 20. Qd3 d5 21. a6 Ba8 22. b5 Rc3 23. Qe2 Rxe3 0-1

[Event "Lisbon Portugal rapid op"]
[Site "Lisbon"]
[Date "2019.02.10"]
[Round "7"]
[White "Carrasco Martinez, Juan Manuel"]
[Black "Almeida, Manuel da Silva"]
[Result "1/2-1/2"]
[WhiteElo "2380"]
[BlackElo "2059"]
[PlyCount "76"]
[EventDate "2019.02.10"]
[EventType "swiss (rapid)"]
[EventRounds "8"]
[EventCountry "POR"]
[SourceTitle "CBM 188 Extra"]
[Source "ChessBase"]
[SourceDate "2019.02.26"]
[SourceVersion "1"]
[SourceVersionDate "2019.02.26"]
[SourceQuality "1"]

1. e4 c5 2. Nc3 Nc6 3. Bb5 Nf6 4. Bxc6 bxc6 5. d3 e5 6. f4 exf4 7. Bxf4 Qb6 8. b3 d5 9. e5 Bg4 10. Qd2 Nd7 11. h3 Bh5 12. g4 Bg6 13. Na4 Qb7 14. c4 Be7 15. Nf3 0-0 16. 0-0 Nb6 17. Nb2 Rad8 18. Qa5 Rd7 19. Be3 d4 20. Bf4 Na8 21. Rad1 Nc7 22. Bg5 Ne6 23. Bxe7 Rxe7 24. Qd2 Qc7 25. Qh2 h6 26. Na4 Ng5 27. Nxg5 hxg5 28. Nxc5 Qa5 29. b4 Qxb4 30. Nb3 Qc3 31. Qd2 Rxe5 32. Qxc3 dxc3 33. Rc1 Bxd3 34. Rf3 Bxc4 35. Rfxc3 Bd5 36. Nd4 Bxa2 37. Nxc6 Re2 38. R1c2 Rfe8 1/2-1/2

[Event "POR-ch Seniors 50"]
[Site "Luso"]
[Date "2018.03.27"]
[Round "3"]
[White "Fernandes, Antonio ETG"]
[Black "Almeida, Manuel da Silva"]
[Result "1-0"]
[WhiteElo "2423"]
[BlackElo "2050"]
[PlyCount "85"]
[EventDate "2018.03.25"]
[EventType "swiss"]
[EventRounds "5"]
[EventCountry "POR"]
[SourceTitle "EXT 2019"]
[Source "ChessBase"]
[SourceDate "2018.10.10"]
[SourceVersion "1"]
[SourceVersionDate "2018.10.10"]
[SourceQuality "1"]

1. e4 e6 2. d4 d5 3. Nd2 Nf6 4. Bd3 c5 5. e5 Nfd7 6. c3 Nc6 7. Ne2 b6 8. f4 cxd4 9. cxd4 Nb4 10. Bb1 Ba6 11. Nf3 Rc8 12. a3 Bxe2 13. Kxe2 Nc6 14. Bd3 Be7 15. b4 0-0 16. Be3 a5 17. b5 Na7 18. Qb3 Qc7 19. Bd2 Qb7 20. Qb1 h6 21. Qb3 Rc7 22. Rac1 Rxc1 23. Rxc1 Rc8 24. Rg1 Nf8 25. g4 f6 26. h4 Qd7 27. a4 Re8 28. Kd1 Nc8 29. g5 hxg5 30. exf6 gxf6 31. fxg5 f5 32. Ne5 Qb7 33. h5 Nd6 34. h6 Rc8 35. Bf4 Nc4 36. g6 Bf6 37. Bxc4 dxc4 38. Qh3 Nh7 39. gxh7+ Kxh7 40. Qg3 Rf8 41. Qg6+ Kh8 42. h7 Bg7 43. Bh6 1-0

[Event "Lisbon Portugal rapid op"]
[Site "Lisbon"]
[Date "2018.02.10"]
[Round "5"]
[White "Sousa, Andre Ventura"]
[Black "Almeida, Manuel da Silva"]
[Result "1-0"]
[WhiteElo "2405"]
[BlackElo "2041"]
[PlyCount "115"]
[EventDate "2018.02.10"]
[EventType "swiss (rapid)"]
[EventRounds "8"]
[EventCountry "POR"]
[SourceTitle "CBM 182 Extra"]
[Source "ChessBase"]
[SourceDate "2018.02.23"]
[SourceVersion "1"]
[SourceVersionDate "2018.02.23"]
[SourceQuality "1"]

1. e4 e5 2. Nf3 d6 3. d4 Nd7 4. Nc3 Be7 5. Bc4 c6 6. a4 h6 7. 0-0 Ngf6 8. Re1 0-0 9. h3 Re8 10. Be3 g5 11. Nh2 Nf8 12. Qd3 Ng6 13. Rad1 Qc7 14. Ne2 Bf8 15. Ng3 Nf4 16. Qb3 Be6 17. Bxe6 Rxe6 18. dxe5 dxe5 19. Ng4 Nxg4 20. hxg4 Rd6 21. Nf5 Rxd1 22. Rxd1 b6 23. Qc4 Ne6 24. b4 Rd8 25. Rxd8 Nxd8 26. b5 c5 27. Qd5 Ne6 28. c3 Qd8 29. Qxd8 Nxd8 30. Kf1 Ne6 31. Ke2 f6 32. Kd3 Kf7 33. Kc4 Nc7 34. f3 Ke6 35. Bf2 Ne8 36. Kd3 Nd6 37. Ne3 Be7 38. Nd5 Bd8 39. c4 Nb7 40. Be1 Kd6 41. Ne3 Ke6 42. Nf5 Nd6 43. Nxh6 Bc7 44. Bf2 Bd8 45. a5 bxa5 46. Bxc5 Bb6 47. Ba3 Nb7 48. Nf5 Bc5 49. Bc1 a4 50. Kc3 Na5 51. Be3 Nb7 52. Bxc5 Nxc5 53. Kb4 a3 54. Kxa3 Nd3 55. Ka4 Kd7 56. Ka5 Kc7 57. Ka6 Kb8 58. b6 1-0

[Event "POR-ch Seniors 50+"]
[Site "Luso"]
[Date "2017.04.11"]
[Round "4"]
[White "Fernandes, Antonio ETG"]
[Black "Almeida, Manuel da Silva"]
[Result "1-0"]
[WhiteElo "2463"]
[BlackElo "2044"]
[PlyCount "63"]
[EventDate "2017.04.09"]
[EventType "swiss"]
[EventRounds "5"]
[EventCountry "POR"]
[SourceTitle "EXT 2018"]
[Source "ChessBase"]
[SourceDate "2017.10.13"]
[SourceVersion "1"]
[SourceVersionDate "2017.10.13"]
[SourceQuality "1"]

1. d4 f5 2. g3 Nf6 3. Bg2 e6 4. c4 Bb4+ 5. Bd2 Bxd2+ 6. Nxd2 0-0 7. Qb3 d5 8. Nh3 c6 9. 0-0 Nbd7 10. Nf4 Qe7 11. Nf3 Ne4 12. Rad1 Kh8 13. Nd3 dxc4 14. Qxc4 Nb6 15. Qc2 Bd7 16. Nfe5 Nf6 17. Qb3 Rae8 18. Nc5 Bc8 19. f3 g5 20. e4 Qg7 21. Qa3 Na8 22. Qxa7 Nc7 23. Qb6 Re7 24. Qb3 Nce8 25. Nc4 Nd7 26. Nxd7 Bxd7 27. Qxb7 fxe4 28. Qb8 exf3 29. Rxf3 Rxf3 30. Bxf3 g4 31. Bg2 h5 32. Ne5 1-0

[Event "POR-chT3 final"]
[Site "Matosinhos"]
[Date "2013.08.25"]
[Round "3.1"]
[White "Almeida, Manuel da Silva"]
[Black "Bernardo, Daniel Madureira"]
[Result "1-0"]
[WhiteElo "2099"]
[BlackElo "1656"]
[PlyCount "87"]
[EventDate "2013.08.23"]
[EventType "team-swiss"]
[EventRounds "3"]
[EventCountry "POR"]
[SourceTitle "EXT 2015"]
[Source "ChessBase"]
[SourceDate "2014.11.20"]
[SourceVersion "1"]
[SourceVersionDate "2014.11.20"]
[SourceQuality "1"]
[WhiteTeam "Benfica"]
[BlackTeam "Colegio Portugues"]
[WhiteTeamCountry "POR"]
[BlackTeamCountry "POR"]

1. e4 c6 2. d4 d5 3. exd5 cxd5 4. Bd3 Nc6 5. c3 Nf6 6. Bf4 Bg4 7. Qb3 Qd7 8. Nd2 e6 9. Ngf3 a6 10. 0-0 Be7 11. Ne5 Qc8 12. Rac1 0-0 13. Nxg4 Nxg4 14. Nf3 b5 15. Qc2 h6 16. Qe2 Nf6 17. Ne5 Nd7 18. Bb1 Ncxe5 19. dxe5 Re8 20. Qd3 Nf8 21. Qg3 Kh8 22. Qh3 Qc4 23. Bg3 Nh7 24. f4 Bf8 25. Bh4 Be7 26. b3 Qc8 27. Bf2 Bc5 28. Bd4 a5 29. Kh1 Qc6 30. Qh5 Ra7 31. Qe2 Rea8 32. Rcd1 Bxd4 33. cxd4 g6 34. g4 Qc3 35. Rd3 Qb4 36. f5 gxf5 37. gxf5 Rg8 38. Qh5 Rg5 39. Qxh6 exf5 40. Rh3 Rg7 41. Bxf5 f6 42. Qxf6 Qd2 43. Rxh7+ Kg8 44. Qd8+ 1-0

[Event "Lisbon Honra"]
[Site "Lisbon"]
[Date "2010.06.27"]
[Round "9"]
[White "Marques, Rui Filipe Pereira"]
[Black "Almeida, Manuel da Silva"]
[Result "1-0"]
[WhiteElo "2158"]
[BlackElo "2050"]
[PlyCount "127"]
[EventDate "2010.06.19"]
[EventType "tourn"]
[EventRounds "9"]
[EventCountry "POR"]
[SourceTitle "EXT 2013"]
[Source "ChessBase"]
[SourceDate "2012.11.22"]
[SourceVersion "1"]
[SourceVersionDate "2012.11.22"]
[SourceQuality "1"]

1. e4 e5 2. Nf3 Nc6 3. d4 exd4 4. Nxd4 Nge7 5. Bb5 d6 6. Nc3 Bd7 7. Be3 a6 8. Bc4 Nxd4 9. Bxd4 Nc6 10. 0-0 Be7 11. Bxg7 Rg8 12. Bh6 Ne5 13. Be2 Bh3 14. g3 Bxf1 15. Bxf1 Bg5 16. Bxg5 Qxg5 17. f4 Qxf4 18. Nd5 Rxg3+ 19. hxg3 Qxg3+ 20. Bg2 0-0-0 21. Qh5 Kb8 22. Qh3 Qg5 23. Rf1 c6 24. Ne3 Rg8 25. Rf5 Qd8 26. Qxh7 Rh8 27. Qg7 Qh4 28. Rxe5 Qh2+ 29. Kf2 dxe5 30. Qxf7 Qh4+ 31. Ke2 Qd8 32. Qe6 Re8 33. Qf7 Rg8 34. Bf3 Rg1 35. Qe6 Qa5 36. c3 Ka7 37. b4 Qa3 38. Qxe5 Qxa2+ 39. Kd3 Qb1+ 40. Kd4 Rg8 41. Qd6 Qe1 42. Qc5+ Ka8 43. e5 Rd8+ 44. Ke4 Qh4+ 45. Ng4 Qe1+ 46. Ne3 Qh4+ 47. Ng4 Qe1+ 48. Kf4 Qd2+ 49. Qe3 Rf8+ 50. Kg3 Qd7 51. e6 Qe7 52. Be2 Rh8 53. Qe5 Qh4+ 54. Kf4 Rf8+ 55. Ke4 Qh1+ 56. Kd3 Qb1+ 57. Kc4 Qa2+ 58. Kc5 Re8 59. Bc4 b6+ 60. Kd4 Rd8+ 61. Ke3 Qxc4 62. e7 Rd3+ 63. Kf2 Rd2+ 64. Ke1 1-0

[Event "Lisbon Honra"]
[Site "Lisbon"]
[Date "2010.06.25"]
[Round "7"]
[White "Antonio, Luis Filipe Alves"]
[Black "Almeida, Manuel da Silva"]
[Result "0-1"]
[WhiteElo "1772"]
[BlackElo "2050"]
[PlyCount "74"]
[EventDate "2010.06.19"]
[EventType "tourn"]
[EventRounds "9"]
[EventCountry "POR"]
[SourceTitle "EXT 2013"]
[Source "ChessBase"]
[SourceDate "2012.11.22"]
[SourceVersion "1"]
[SourceVersionDate "2012.11.22"]
[SourceQuality "1"]

1. e4 c5 2. Nf3 d6 3. d4 cxd4 4. Nxd4 Nf6 5. Nc3 a6 6. Be2 e5 7. Nb3 Be7 8. Be3 Be6 9. 0-0 Nbd7 10. f3 b5 11. a3 Nb6 12. Nd2 d5 13. exd5 Nbxd5 14. Nxd5 Nxd5 15. Bf2 0-0 16. Rc1 Nf4 17. c4 Rc8 18. c5 Qa5 19. Re1 Rfd8 20. Rc3 Nd5 21. Rd3 Nf4 22. Rc3 b4 23. axb4 Qxb4 24. Qc1 Bg5 25. Be3 Nh3+ 26. gxh3 Bxe3+ 27. Rxe3 Rxd2 28. Bxa6 Rxc5 29. Rc3 Qd4+ 30. Kh1 Qf2 31. Be2 Bxh3 32. Rg1 Qxe2 33. Qxd2 Qxd2 34. Rxc5 Qe2 35. Rc3 e4 36. f4 e3 37. Rg3 Qe1+ 0-1

[Event "Lisbon Honra"]
[Site "Lisbon"]
[Date "2010.06.24"]
[Round "6"]
[White "Almeida, Manuel da Silva"]
[Black "Paulino, Jose Manuel Goncalv"]
[Result "1/2-1/2"]
[WhiteElo "2050"]
[BlackElo "2034"]
[PlyCount "112"]
[EventDate "2010.06.19"]
[EventType "tourn"]
[EventRounds "9"]
[EventCountry "POR"]
[SourceTitle "EXT 2013"]
[Source "ChessBase"]
[SourceDate "2012.11.22"]
[SourceVersion "1"]
[SourceVersionDate "2012.11.22"]
[SourceQuality "1"]

1. e4 c6 2. d4 d5 3. exd5 cxd5 4. Bd3 Nf6 5. c3 Bg4 6. Qb3 Qd7 7. Bf4 Nc6 8. Nd2 e6 9. Ngf3 Be7 10. Ne5 Qc8 11. 0-0 Bh5 12. Rfe1 Bg6 13. Bb5 0-0 14. Nxg6 hxg6 15. h3 Nh5 16. Bh2 g5 17. Nf3 g6 18. Rac1 Qd8 19. Bd3 Na5 20. Qc2 Ng7 21. g4 Nc6 22. Ne5 Bd6 23. Kg2 Rc8 24. Qd2 Ne7 25. Nf3 Bxh2 26. Nxh2 Nc6 27. Nf3 Rc7 28. Nxg5 Qf6 29. f4 Rfc8 30. Qe3 a6 31. Rcd1 b5 32. a3 Ne8 33. Qf2 Nd6 34. Qh4 Qh8 35. Qxh8+ Kxh8 36. h4 Kg7 37. Kg3 a5 38. h5 gxh5 39. gxh5 b4 40. axb4 axb4 41. h6+ Kxh6 42. Nxe6 fxe6 43. Rxe6+ Kg7 44. Rxd6 bxc3 45. bxc3 Ne7 46. f5 Kf7 47. Kf4 Rxc3 48. f6 R8c6 49. fxe7 Rxd6 50. Re1 Rc8 51. Bb5 Rf6+ 52. Kg5 Rg8+ 53. Kh5 Rh8+ 54. Kg4 Rg8+ 55. Kh5 Rh8+ 56. Kg5 Rg8+ 1/2-1/2

[Event "Lisbon Honra"]
[Site "Lisbon"]
[Date "2010.06.23"]
[Round "5"]
[White "Pereira, Edgar"]
[Black "Almeida, Manuel da Silva"]
[Result "0-1"]
[WhiteElo "2146"]
[BlackElo "2050"]
[PlyCount "112"]
[EventDate "2010.06.19"]
[EventType "tourn"]
[EventRounds "9"]
[EventCountry "POR"]
[SourceTitle "EXT 2013"]
[Source "ChessBase"]
[SourceDate "2012.11.22"]
[SourceVersion "1"]
[SourceVersionDate "2012.11.22"]
[SourceQuality "1"]

1. e4 e5 2. Nf3 Nc6 3. Nc3 Nf6 4. Bb5 Bc5 5. Nxe5 Nxe5 6. d4 Bb4 7. dxe5 Nxe4 8. Qf3 Ng5 9. Qg4 Bxc3+ 10. bxc3 Ne6 11. f4 g6 12. 0-0 c6 13. Bd3 Nc5 14. f5 Nxd3 15. cxd3 d5 16. Ba3 Bxf5 17. Rxf5 gxf5 18. Qg7 Qb6+ 19. d4 0-0-0 20. Qxf7 Kb8 21. Qxf5 Qa6 22. Bd6+ Ka8 23. Qc2 Rhg8 24. Rf1 Rg6 25. g3 c5 26. Bxc5 b6 27. Bd6 Qc4 28. Qb3 Qxb3 29. axb3 Rd7 30. Ba3 Kb7 31. Bb2 b5 32. Ba3 a5 33. Bc5 Ra6 34. Rb1 Rf7 35. Kg2 Kc7 36. c4 bxc4 37. bxc4 dxc4 38. d5 Rf5 39. Re1 c3 40. Ba3 Rg6 41. h3 Kd8 42. Re3 Rb6 43. g4 Rg6 44. Kg3 c2 45. Re1 h5 46. Bc1 a4 47. Bf4 hxg4 48. hxg4 a3 49. Kf3 Rxf4+ 50. Kxf4 Rb6 51. Rc1 a2 52. Kf5 Rb1 53. Rxc2 Rf1+ 54. Ke6 a1Q 55. d6 Qa4 56. Rc3 Qa2+ 0-1

[Event "POR-chT"]
[Site "Lisbon"]
[Date "2002.08.13"]
[Round "3.5"]
[White "Almeida, Manuel da Silva"]
[Black "Galego, Luis"]
[Result "0-1"]
[WhiteElo "2189"]
[BlackElo "2511"]
[PlyCount "98"]
[EventDate "2002.08.11"]
[EventType "team"]
[EventRounds "9"]
[EventCountry "POR"]
[SourceTitle "EXT 2004"]
[Source "ChessBase"]
[SourceDate "2003.11.25"]
[SourceVersion "1"]
[SourceVersionDate "2003.11.25"]
[SourceQuality "1"]

1. f4 Nf6 2. Nf3 d5 3. e3 c5 4. b3 g6 5. Bb2 Bg7 6. Bb5+ Nbd7 7. 0-0 0-0 8. Bxd7 Bxd7 9. Ne5 Bf5 10. Nc3 d4 11. Ne2 dxe3 12. dxe3 Qxd1 13. Raxd1 Ng4 14. Nxg4 Bxg4 15. Bxg7 Kxg7 16. Kf2 Rfd8 17. e4 f5 18. e5 Kf7 19. Ke3 Ke6 20. Rxd8 Rxd8 21. Nc3 g5 22. g3 gxf4+ 23. gxf4 Rg8 24. Rf2 Rg6 25. Kd3 Kd7 26. Nd5 Bh3 27. Ne3 Rh6 28. Kc4 Kc6 29. a4 b6 30. Nd5 e6 31. Ne3 Rh4 32. Kc3 a6 33. Nc4 b5 34. axb5+ axb5 35. Nd6 Bg4 36. Nf7 b4+ 37. Kb2 Kd7 38. Nd6 Bh5 39. Nc4 Kc7 40. Ne3 Rh3 41. Nc4 Bf3 42. Kc1 Bd5 43. Nb2 Kc6 44. Nd3 Bxb3 45. Nxb4+ cxb4 46. cxb3 Kd5 47. Rd2+ Ke4 48. Rd6 Rh6 49. Rb6 Kxf4 0-1

[Event "POR-chT"]
[Site "Lisbon"]
[Date "2002.08.12"]
[Round "2.2"]
[White "Pinho, Paulo Miguel"]
[Black "Almeida, Manuel da Silva"]
[Result "0-1"]
[WhiteElo "2160"]
[BlackElo "2189"]
[PlyCount "76"]
[EventDate "2002.08.11"]
[EventType "team"]
[EventRounds "9"]
[EventCountry "POR"]
[SourceTitle "EXT 2004"]
[Source "ChessBase"]
[SourceDate "2003.11.25"]
[SourceVersion "1"]
[SourceVersionDate "2003.11.25"]
[SourceQuality "1"]

1. d4 f5 2. h3 b6 3. g4 Bb7 4. d5 Nf6 5. Bg2 e6 6. c4 Bb4+ 7. Nc3 Ne4 8. Qd3 0-0 9. Be3 Na6 10. 0-0-0 Bxc3 11. bxc3 Nac5 12. Qc2 Qf6 13. gxf5 exf5 14. Kb2 Nxc3 15. Rd4 N3e4 16. Kb1 d6 17. Nf3 f4 18. Bc1 Bc8 19. Bb2 Bf5 20. Rd3 Qe7 21. Nd4 Bg6 22. Rg1 Nxf2 23. Bf1 Nfxd3 24. exd3 Qe1+ 25. Qc1 Qxc1+ 26. Kxc1 Rae8 27. h4 Na4 28. Ne6 Nxb2 29. Kxb2 Rf7 30. Kc3 Bf5 31. Nxf4 Re1 32. Ne2 Bxd3 33. Kxd3 Rexf1 34. Rg4 Ra1 35. Re4 Rf3+ 36. Kd2 Rxa2+ 37. Ke1 Rh3 38. Re7 Rh1+ 0-1